Songs of love : (Record no. 3887)

MARC details
000 -LEADER
fixed length control field 00567nam a22001817a 4500
003 - CONTROL NUMBER IDENTIFIER
control field OSt
005 - DATE AND TIME OF LATEST TRANSACTION
control field 20250730023952.0
008 - FIXED-LENGTH DATA ELEMENTS--GENERAL INFORMATION
fixed length control field 250730b |||||||| |||| 00| 0 eng d
020 ## - INTERNATIONAL STANDARD BOOK NUMBER
International Standard Book Number 9820201446
040 ## - CATALOGING SOURCE
Original cataloging agency DWCL-Main lib
Transcribing agency OC
082 ## - DEWEY DECIMAL CLASSIFICATION NUMBER
Classification number Fil. 821.9 T366s 1999
100 ## - MAIN ENTRY--PERSONAL NAME
Personal name Thaman, Konai Helu
245 ## - TITLE STATEMENT
Title Songs of love :
Remainder of title new and selected poems (1974-1999)
Statement of responsibility, etc. Konai Helu Thaman
260 ## - PUBLICATION, DISTRIBUTION, ETC.
Place of publication, distribution, etc. Suva, Fiji :
Name of publisher, distributor, etc. Mana Publications,
Date of publication, distribution, etc. c1999.
300 ## - PHYSICAL DESCRIPTION
Extent 137 pages :
Other physical details illustrations ;
Dimensions 21 cm.
650 ## - SUBJECT ADDED ENTRY--TOPICAL TERM
Topical term or geographic name entry element 1. Oceania--Poetry.
942 ## - ADDED ENTRY ELEMENTS (KOHA)
Source of classification or shelving scheme Dewey Decimal Classification
Koha item type Book-Filipiniana
Call number prefix Fil.
Suppress in OPAC No
952 ## - LOCATION AND ITEM INFORMATION (KOHA)
--
Holdings
Withdrawn status Lost status Source of classification or shelving scheme Damaged status Not for loan Home library Current library Shelving location Date acquired Source of acquisition Total Checkouts Full call number Barcode Date last seen Copy number Price effective from Koha item type Uniform Resource Identifier
    Dewey Decimal Classification     College Library College Library Filipiniana 01/12/2016 Donation   Fil. 821.9 T366s 1999 51321 07/30/2025 c1 07/30/2025 BK - FIL